| Tag |
First Indicator |
Second Indicator |
Subfields |
| LEADER |
00000cam a2200000Ia 4500 |
| 001 |
in00002425325 |
| 005 |
20190327171535.0 |
| 006 |
m d |
| 007 |
cr cn| |
| 008 |
070806s2007 ne a ob 001 0 eng d |
| 019 |
|
|
|a 148734580
|
| 020 |
|
|
|a 9780750684408
|
| 020 |
|
|
|a 0750684402
|
| 029 |
1 |
|
|a NZ1
|b 11633957
|
| 029 |
1 |
|
|a CHVBK
|b 135310849
|
| 035 |
|
|
|a (OCoLC)ocn162594054
|
| 035 |
|
|
|a (OCoLC)162594054
|z (OCoLC)148734580
|
| 037 |
|
|
|a 139331:139468
|b Elsevier Science & Technology
|n http://www.sciencedirect.com
|
| 040 |
|
|
|a OPELS
|c OPELS
|d BTCTA
|d BAKER
|d YDXCP
|d UtOrBLW
|
| 049 |
|
|
|a TXAM
|
| 050 |
1 |
4 |
|a HD69.P75
|b M454 2007eb
|
| 082 |
0 |
4 |
|a 658.40402466
|2 22
|
| 100 |
1 |
|
|a Melton, Trish.
|
| 245 |
1 |
0 |
|a Project management toolkit :
|b the basics for project success /
|c Trish Melton.
|
| 250 |
|
|
|a 2nd ed.
|
| 264 |
|
1 |
|a Amsterdam ;
|a Boston ;
|a London :
|b IChemE/Butterworth-Heinemann,
|c 2007.
|
| 300 |
|
|
|a 1 online resource.
|
| 336 |
|
|
|a text
|b txt
|2 rdacontent
|
| 337 |
|
|
|a computer
|b c
|2 rdamedia
|
| 338 |
|
|
|a online resource
|b cr
|2 rdacarrier
|
| 520 |
|
|
|a This book provides you with the tools required to approach and manage projects. These effective skills will impact positively on the success of both the projects you are involved with and of your organization. Key features * A practical handbook for both career project managers and those involved intermittently with projects throughout their career * Provides simple step-by-step tools for understanding and managing each of the project value-add stages: - Developing a business case - Robust planning - Staying in control - Delivering benefits * Focussed on the needs of engineering and other technical project managers, but generic enough to support projects in other areas * Brief and visually led, the Toolkit is designed to get you up and running fast and to increase the certainty of a positive project outcome from day one * Comprehensive real world case studies demonstrate the use of tools * Supported by downloadable online project planning templates that enable the techniques developed in the book to be applied in practice Project Management Toolkit introduces the whole project life-cycle. It is the first of four project management titles that separately build skills in critical PM areas and together provide a powerful project management resource. Focussed on the needs of engineering and other technical project managers, this book recognises that most non-routine work completed by an organization is a project A practical, hands-on guide to aid those tasked with real industry projects not a lengthy theoretical textbook, it gets to the point and delivers REAL benefits Fully supported by online project planning and delivery tools, templates, workflow organizers and data sheets, the book is suitable for both career project managers and those involved with projects intermittently.
|
| 500 |
|
|
|a "First published by IChemE, 2005"--Title page verso.
|
| 504 |
|
|
|a Includes bibliographical references and index.
|
| 500 |
|
|
|a Electronic resource.
|
| 650 |
|
0 |
|a Project management.
|
| 650 |
|
0 |
|a Chemical engineering
|x Management.
|
| 655 |
|
7 |
|a Electronic books.
|2 local
|
| 710 |
2 |
|
|a Institution of Chemical Engineers (Great Britain)
|
| 776 |
1 |
|
|c Original
|z 9780750684408
|z 0750684402
|w (OCoLC)122285224
|
| 710 |
2 |
|
|a ScienceDirect (Online service)
|
| 856 |
4 |
0 |
|u http://proxy.library.tamu.edu/login?url=http://www.sciencedirect.com/science/book/9780750684408
|z Connect to the full text of this electronic book
|t 0
|
| 938 |
|
|
|a Baker & Taylor
|b BKTY
|c 49.95
|d 49.95
|i 0750684402
|n 0007078559
|s active
|
| 938 |
|
|
|a YBP Library Services
|b YANK
|n 2492113
|
| 994 |
|
|
|a 92
|b TXA
|
| 999 |
|
|
|a MARS
|
| 999 |
f |
f |
|s d90d7669-653a-3d2b-bd75-cd4cd24ea08e
|i 0957261e-5e6e-317c-823a-8974f0d5e69a
|t 0
|
| 952 |
f |
f |
|a Texas A&M University
|b College Station
|c Electronic Resources
|d Available Online
|t 0
|e HD69.P75 M454 2007eb
|h Library of Congress classification
|
| 998 |
f |
f |
|a HD69.P75 M454 2007eb
|t 0
|l Available Online
|